000 01156nam a2200253 a 4500
001 44863
003 BD-RjUL
005 20211209053929.0
008 160720s2006 ii a|||| |||| 00| m ben d
020 _a818727350X
_c : Tk. 150.00
035 _a(BD-RjUL)44981
040 _aBD-RjUL
_bben
_cBD-RjUL
_dBD-RjUL
041 _aben
082 _223
_a305.260954
_bCHD 2006
100 _aচক্রবর্তী প্রফুল্ল
_9137469
245 _aদিনান্তের আলো :
_bগ্রামীণ বর্ষীয়ান জনগোষ্টী : একটি সমীক্ষা /
_cপ্রফুল্ল চক্রবর্তী
260 _aকলকাতা :
_bশ্রীভারতী প্রেস,
_c২০০৬
300 _a২৫৫ পৃ. :
_bচিএাবলি ;
_c২০ সেমি.
650 _aসামাজিক অবস্থা
_zভারত
_9137470
650 _asocial conditions
_zIndia
_9137471
650 _aগ্রামীণ অর্থনৈতিক অবস্থা
_zভারত
_9137472
650 _aRural economic conditions
_zIndia
_9137473
942 _2ddc
_cBK
999 _c44863
_d44863